BSOP header

Cultural studies : (Record no. 35829)

MARC details
000 -LEADER
fixed length control field 00711nam a2200217 4500
008 - FIXED-LENGTH DATA ELEMENTS--GENERAL INFORMATION
fixed length control field 120224s2008 caua b 001 0 eng
019 ## -
-- 181143677
020 ## - INTERNATIONAL STANDARD BOOK NUMBER
International Standard Book Number 1412922291
020 ## - INTERNATIONAL STANDARD BOOK NUMBER
International Standard Book Number 1412922305 :USD37.51
020 ## - INTERNATIONAL STANDARD BOOK NUMBER
International Standard Book Number 9781412922296
020 ## - INTERNATIONAL STANDARD BOOK NUMBER
International Standard Book Number 9781412922302
090 ## - LOCALLY ASSIGNED LC-TYPE CALL NUMBER (OCLC); LOCAL CALL NUMBER (OCLC)
Classification number (OCLC) (R) ; Classification number, CALL (RLIN) (NR) HM623
Local cutter number (OCLC) ; Book number/undivided call number, CALL (RLIN) L58c
-- 2008
100 1# - MAIN ENTRY--PERSONAL NAME
Personal name Lewis, Jeff,
Dates associated with a name 1964-
245 10 - TITLE STATEMENT
Title Cultural studies :
Remainder of title the basics /
Statement of responsibility, etc Jeff Lewis.
250 ## - EDITION STATEMENT
Edition statement 2nd ed.
260 ## - PUBLICATION, DISTRIBUTION, ETC. (IMPRINT)
Place of publication, distribution, etc Los Angeles :
Name of publisher, distributor, etc Sage Publications,
Date of publication, distribution, etc 2008.
300 ## - PHYSICAL DESCRIPTION
Extent ix, 438 p. :
Other physical details ill. ;
Dimensions 24 cm.
504 ## - BIBLIOGRAPHY, ETC. NOTE
Bibliography, etc Includes bibliographical references (p. [404]-424) and index.
650 #4 - SUBJECT ADDED ENTRY--TOPICAL TERM
Topical term or geographic name as entry element Culture
General subdivision Study and teaching.
951 ## - EQUIVALENCE OR CROSS-REFERENCE-GEOGRAPHIC NAME/AREA NAME [OBSOLETE] [CAN/MARC only]
-- 34947
-- HM623/L58c/2008
-- 120224180106843
-- 2000-12-21
-- GC
Holdings
Withdrawn status Lost status Source of classification or shelving scheme Damaged status Not for loan Home library Current library Shelving location Date acquired Source of acquisition Cost, normal purchase price Accession number Total Checkouts Full call number Barcode Date last seen Price effective from Koha item type
    Library of Congress Classification     BSOP Library BSOP Library GC 01/10/2012 Amazon 37.51 34947   HM623/L58c/2008 00041982 02/23/2013 02/23/2013 Books
BSOP

Biblical Seminary of the Philippines
  All rights Reserved
  © 2024

CONTACT INFORMATION

Biblical Seminary of the Philippines,
  77-B Karuhatan Road, Valenzuela City,
  PHILIPPINES 1441
  Phone: +632 8292-6795 / 8292-6798
  Fax : +632 8292-6675
  Email: library@bsop.edu.ph